| 000 | 00832nam a2200313 a 4500 | ||
|---|---|---|---|
| 003 | AR-BaBNM | ||
| 005 | 20251128210352.0 | ||
| 008 | 082120s2002 ||||||||||||||000 | spa|| | ||
| 020 | _a84-7432-040-2 | ||
| 040 | _cAR-BaBNM | ||
| 100 | 1 | _aChomsky, Noam | |
| 245 | 0 | 0 |
_aConversaciones con Noam Chomsky _bentrevistas con Mitsou Ronat |
| 250 | _a2ยช ed. | ||
| 260 |
_aBarcelona _bGedisa _c1981 |
||
| 300 | _a260 p. | ||
| 490 | 0 | _aLibertad y cambio | |
| 650 | 4 | _aLINGUISTICA | |
| 650 | 4 | _aINVESTIGACION LINGUISTICA | |
| 650 | 4 | _aLENGUAJE | |
| 650 | 4 | _aTEORIA LINGUISTICA | |
| 650 | 4 | _aTEORIA DEL CONOCIMIENTO | |
| 650 | 4 | _aGRAMATICA GENERATIVA | |
| 650 | 4 | _aSEMIOLOGIA | |
| 653 | _aFILOSOFIA DEL LENGUAJE | ||
| 700 | 1 | _aRonat, Mitsou | |
| 700 | 1 |
_aDorriots, Beatriz _etraductor |
|
| 942 | _cBK | ||
| 998 | _cMARTIN | ||
| 999 |
_c15171 _d15171 |
||